000 00455nam a2200181Ia 4500
003 LK-CoDNM
008 010623t1983 xxu||||| |||| 00| 1 sin d
040 _aLK-CoDNM
_dLK-CoDNM
_eLK-CoDNM
041 _asin
080 _a809.13
_bRAS
100 _aGunarathna, L.
245 _aරසවාහිනි
246 _aRasavahini
260 _bRathna poth prakashakayo
_aColombo
_c1983
300 _b(viii)191, 22 cm
650 _aHistory
942 _cBK
999 _c112309
_d112309